[Event "Velden op"]
[Site "Velden"]
[Date "1994.??.??"]
[Round "9"]
[White "Zelcic, Robert"]
[Black "Wegerer, Fred"]
[Result "1-0"]
[WhiteElo "2485"]
[BlackElo "2330"]

1.e4 c5 2.Nf3 Nc6 3.Nc3 e5 4.Bc4 Be7 5.O-O Nf6 6.Re1 O-O 7.Nd5 d6 8.c3 Nxd5
9.exd5 Nb8 10.d4 exd4 11.cxd4 Nd7 12.dxc5 Nxc5 13.b4 Nd7 14.Bf4 Nb6 15.Bb3 Bg4
16.h3 Bh5 17.Qd3 Rc8 18.Rac1 Re8 19.a4 g5 20.Rxc8 Nxc8 21.Bg3 Bf6 22.Rxe8+ Qxe8
23.Bc2 Bg6 24.Qd2 Nb6 25.Bb3 Qe4 26.Kh2 Qb1 27.Ba2 Qa1 28.a5 Na4 29.Qe2 Nc3
30.Qe8+ Kg7 31.Bxd6 h6 32.Be5 Bxe5+ 33.Qxe5+ Kh7 34.d6 Qd1 35.Qxc3 Qxd6+
36.Kg1 Qd1+ 37.Qe1  1-0

[Event "Volgograd"]
[Site "Volgograd"]
[Date "1994.??.??"]
[Round "5"]
[White "Saltaev, Mihail"]
[Black "Stripunsky, Alexander"]
[Result "1/2-1/2"]
[WhiteElo "2480"]
[BlackElo "2510"]

1.e4 c5 2.Nf3 Nc6 3.Nc3 e5 4.Bc4 d6 5.d3 h6 6.O-O Nf6 7.h3 g5 8.Nh2 Bg7 9.Nd5 Nxd5
10.Bxd5 h5 11.Bxc6+ bxc6 12.g4 hxg4 13.hxg4 Be6 14.b3 Rh4 15.Be3 Kd7 16.f3 Qh8
17.Rf2 Qh6 18.Qd2 Bf6 19.Rg2 Rh8 20.Re1 Bd8 21.Ree2 Rh3 22.Ref2 f6 23.Kf1 Bb6
24.Ke1 d5 25.Qe2 Qf8 26.c4 Ba5+ 27.Bd2 Bb4 28.Nf1 d4 29.Rh2 R3h4 30.Ng3 Qd8
31.Kf1 Qa5 32.Bxb4 Qxb4  1/2-1/2

[Event "Wattens op"]
[Site "Wattens"]
[Date "1994.??.??"]
[Round "1"]
[White "Hofmann, Matthias"]
[Black "Kuporosov, Viktor"]
[Result "0-1"]
[WhiteElo "1805"]
[BlackElo "2510"]

1.e4 c5 2.Nc3 Nc6 3.Nge2 e6 4.g3 Nf6 5.Bg2 Be7 6.O-O O-O 7.d3 a6 8.h3 b5
9.e5 Ne8 10.d4 Bb7 11.Bf4 cxd4 12.Nxd4 Qc7 13.Nxc6 Bxc6 14.Ne4 Qb7 15.Qe2 f5
16.exf6 Nxf6 17.Nxf6+ Bxf6 18.Bxc6 Qxc6 19.c3 e5 20.Be3 d5 21.Rad1 Rad8 22.Qg4 Rfe8
23.Qf3 Qc4 24.b3 Qc6 25.Qg2 e4 26.Bd4 Bxd4 27.cxd4 Rc8 28.h4 Qf6 29.Qh3 Qf3
30.Rc1 Rcd8 31.Rc7 e3 32.fxe3 Qxe3+ 33.Kg2 Qxd4 34.Qf5 h6 35.Qg6 Qe4+ 36.Qxe4 Rxe4
37.Rff7 Rg4 38.Kf3 Rg6 39.Rfd7 Rf8+ 40.Kg2 Rf5 41.Rc8+ Kh7 42.Rcd8 Re6 43.Rxd5 Re2+
44.Kh3 Rxd5 45.Rxd5 Rxa2 46.Rd6 h5 47.b4 g6 48.Rd7+ Kg8 49.Rb7 Ra4 50.Rb6 Kf7
51.Kg2 Rxb4 52.Rxa6 Rg4 53.Rb6 b4 54.Kf3 Ke7 55.Ke2 Kd7 56.Kd2 Kc7 57.Rb5 Kc6
58.Rb8 Kc5 59.Rc8+ Kb5 60.Rb8+ Kc4  0-1

[Event "Wattens op"]
[Site "Wattens"]
[Date "1994.??.??"]
[Round "2"]
[White "Hofmann, Bernhard"]
[Black "Doskocil, Klaus"]
[Result "1/2-1/2"]
[WhiteElo "1830"]
[BlackElo "2060"]

1.e4 c5 2.Nc3 Nc6 3.Nge2 e6 4.g3 d5 5.exd5 exd5 6.d4 Bg4 7.Bg2 Nxd4 8.O-O Nf6
9.f3 Nxe2+ 10.Qxe2+ Be6 11.f4 Be7 12.f5 Bc8 13.Qe5 d4 14.Na4 O-O 15.Bg5 Qd6
16.Rae1 Qxe5 17.Rxe5 Bd6 18.Bxf6 gxf6 19.Rd5 Be5 20.Nxc5 b6 21.Nd7 Bxd7 22.Rxd7 Rac8
23.Be4 Rc7 24.Rxc7 Bxc7 25.Re1 Re8 26.Kf2 Re5 27.b3 Ra5 28.a4 b5  1/2-1/2

[Event "Wattens op"]
[Site "Wattens"]
[Date "1994.??.??"]
[Round "4"]
[White "Mueller, Georg"]
[Black "Fuerlinger, Harald"]
[Result "1/2-1/2"]
[WhiteElo "1905"]
[BlackElo "2055"]

1.e4 c5 2.Nc3 Nc6 3.Nge2 d6 4.d4 cxd4 5.Nxd4 Nf6 6.Bc4 e6 7.Bb3 Be7 8.O-O a6
9.Be3 O-O 10.f3 Qc7 11.Qe2 b5 12.Rad1 Bd7 13.Nxc6 Bxc6 14.Qf2 Rab8 15.Rd2 a5
16.a3 b4 17.axb4 axb4 18.Ne2 d5 19.Bf4 Bd6 20.Bxd6 Qxd6 21.exd5 Bxd5 22.Bxd5 Nxd5
23.c4 bxc3 24.Nxc3 Qb6 25.Nxd5  1/2-1/2

[Event "Wattens op"]
[Site "Wattens"]
[Date "1994.??.??"]
[Round "7"]
[White "Mueller, Georg"]
[Black "Haas, Rainer"]
[Result "1-0"]
[WhiteElo "1905"]
[BlackElo "1800"]

1.e4 c5 2.Nc3 Nc6 3.Nge2 g6 4.d4 cxd4 5.Nxd4 Bg7 6.Be3 a6 7.Qd2 Qc7 8.Nd5 Qd6
9.O-O-O b5 10.g3 e6 11.Nxe6 fxe6 12.Nf6+ Nxf6 13.Qxd6 Nxe4 14.Qf4 d5 15.Qc7  1-0

[Event "WchT Silent"]
[Site "?"]
[Date "1994.??.??"]
[Round "7"]
[White "Varga, Annamaria"]
[Black "Czech, Ludwig"]
[Result "1-0"]
[WhiteElo "2070"]
[BlackElo "2215"]

1.e4 c5 2.Nf3 Nc6 3.Nc3 g6 4.d4 cxd4 5.Nxd4 Bg7 6.Nb3 Nf6 7.Be2 O-O 8.O-O d6
9.Bg5 Re8 10.Kh1 Bd7 11.f4 Rc8 12.Bf3 Be6 13.Nd5 Bxd5 14.exd5 Nb8 15.Qd2 Nbd7
16.Rae1 Nb6 17.c3 Qc7 18.Rd1 Qc4 19.Rfe1 Qa4 20.Nc1 Qc4 21.Re3 h6 22.b3 Qc7
23.Bxf6 Bxf6 24.c4 Nd7 25.Bg4 Rb8 26.a4 a6 27.Na2 Kg7 28.Rde1 Nc5 29.a5 b5
30.b4 Na4 31.cxb5 axb5 32.Rc1 Qa7 33.Ree1 h5 34.Be2 Qd7 35.h3 Kg8 36.Rc2 Rec8
37.Rec1 Rxc2 38.Qxc2 Qe8 39.Qc6 Kf8 40.f5 Bb2 41.Rc2 Bf6 42.fxg6 fxg6 43.Bd3 g5
44.Qxe8+ Kxe8 45.Bf5 Kd8 46.Be6 h4 47.Kg1 Nb2 48.Nc1 Nc4 49.Kf2 Kc7 50.Kf3 Kb7
51.Ke4 Rf8 52.Rf2 Ka7 53.Nb3 Bg7 54.Rxf8 Bxf8 55.Nd4 Na3 56.Bg4 Bg7 57.Bd1 Ka6
58.Nc6 Bf6 59.Bg4 Kb7 60.Be2 Bc3 61.Bd3 Bd2 62.Kf5 Nc4 63.Ke6 Ne5 64.Bxb5 Nxc6
65.dxc6+ Kc7 66.a6 Be3 67.Kxe7 d5 68.Ke6 Bb6 69.Kxd5 Be3 70.Be2 Bb6 71.b5  1-0

[Event "Werfen op"]
[Site "Werfen"]
[Date "1994.??.??"]
[Round "?"]
[White "Drozdov, Igor"]
[Black "Zontakh, Andrey"]
[Result "1/2-1/2"]
[WhiteElo "2440"]
[BlackElo "2405"]

1.e4 c5 2.Nc3 Nc6 3.Nf3 d6 4.d4 cxd4 5.Nxd4 Nf6 6.Be2 e5 7.Nf3 h6 8.O-O Be7
9.Re1 O-O 10.h3 Be6 11.Bf1 Qa5 12.a3 Rfc8 13.Rb1 Nb8 14.Nh4 Nc6 15.Nf3 Nb8
16.Nh4 Nc6 17.Nf3  1/2-1/2

[Event "Werfen op"]
[Site "Werfen"]
[Date "1994.??.??"]
[Round "?"]
[White "Pinkas, Karol"]
[Black "Brandstaetter, Friedrich"]
[Result "1-0"]
[WhiteElo "2335"]
[BlackElo "2105"]

1.e4 c5 2.Nf3 Nc6 3.Nc3 d6 4.d4 cxd4 5.Nxd4 Nf6 6.Bg5 e6 7.Qd2 a6 8.O-O-O Bd7
9.f4 Be7 10.Nf3 b5 11.Bxf6 gxf6 12.Kb1 b4 13.Ne2 O-O 14.f5 e5 15.Ng3 a5 16.Nh5 Kh8
17.Bc4 Be8 18.Qh6 Rg8 19.Nh4 Bf8 20.Qxf6+ Bg7 21.Qxd8 Rxd8 22.Nf3 Bf8 23.g3 Be7
24.f6 Bf8 25.Rhg1 Bd7 26.g4 Rxg4 27.Ng5 Rxg5 28.Rxg5 Bh6 29.Rg7 Be6 30.Bxe6 fxe6
31.Rc7 Nd4 32.Re7 Rf8 33.f7 Nf3 34.Rxd6 Ng5 35.Rd8  1-0

[Event "Wiesbaden op"]
[Site "Wiesbaden"]
[Date "1994.??.??"]
[Round "3"]
[White "Galdunts, Sergey"]
[Black "Lampe, Dirk"]
[Result "1/2-1/2"]
[WhiteElo "2475"]
[BlackElo "2250"]

1.e4 c5 2.Nc3 Nc6 3.Nge2 Nf6 4.d4 cxd4 5.Nxd4 e5 6.Ndb5 d6 7.Bg5 a6 8.Na3 b5
9.Nd5 Be7 10.Nxe7 Nxe7 11.f3 d5 12.exd5 Nfxd5 13.c4 bxc4 14.Bxc4 f6 15.Bd2 Qb6
16.Qa4+ Bd7 17.Qb3 Qd6 18.Be2 O-O 19.Nc4 Qc7 20.Ne3 Be6 21.Bc4 Qd7 22.Rd1 a5
23.O-O a4 24.Qa3 Qa7 25.Kh1 Bf7 26.Nxd5 Nxd5 27.Be1 Nb6 28.Bb5 Nc4 29.Bxc4 Bxc4
30.Rf2 Qf7 31.Rfd2 Bxa2 32.Rd7 Qc4 33.Bc3 Rae8 34.Qd6 Bb3 35.Re1 Qe6 36.Re2 Qxd6
37.Rxd6 Rc8 38.Re3 Rfd8 39.Rxd8+ Rxd8 40.h3 Kf7 41.Kg1 Ke6 42.f4 Rd5 43.Kf2 g6
44.fxe5 fxe5 45.Re4 Kf5 46.Rb4 h5  1/2-1/2

[Event "Wiesbaden op"]
[Site "Wiesbaden"]
[Date "1994.??.??"]
[Round "8"]
[White "Galdunts, Sergey"]
[Black "Grabarczyk, Bogdan"]
[Result "1-0"]
[WhiteElo "2475"]
[BlackElo "2345"]

1.e4 c5 2.Nc3 Nc6 3.Nge2 g6 4.d4 cxd4 5.Nxd4 Bg7 6.Be3 d6 7.Bc4 Nf6 8.h3 O-O
9.Bb3 Na5 10.O-O a6 11.f4 e5 12.Nf3 Nxb3 13.axb3 b5 14.fxe5 dxe5 15.Bc5 Bb7
16.Bxf8 Qxf8 17.Qe2 b4 18.Nd5 Nxd5 19.exd5 Qc5+ 20.Kh1 Bxd5 21.Rad1 h6 22.Qd3 Be6
23.Nd2 Rc8 24.Nc4 Rc7 25.Qd8+ Kh7 26.Qd6 Qa7 27.Nxe5 Rxc2 28.Nxg6 Qc5 29.Nf4 Qxd6
30.Rxd6 Bxb3 31.Nd5 Rd2 32.Nf6+ Bxf6 33.Rxd2 Kg7 34.Ra1 Bc4 35.Ra4 Be7 36.Rd4 Bb5
37.Raxb4 Bxb4 38.Rxb4  1-0

[Event "Wiesbaden op"]
[Site "Wiesbaden"]
[Date "1994.??.??"]
[Round "9"]
[White "Ostojic, Predrag"]
[Black "Lampe, Dirk"]
[Result "0-1"]
[WhiteElo "2340"]
[BlackElo "2250"]

1.e4 c5 2.Nf3 Nc6 3.Nc3 g6 4.d4 cxd4 5.Nxd4 Bg7 6.Be3 Nf6 7.Bc4 O-O 8.Bb3 d6
9.f3 Bd7 10.Qd2 Qa5 11.O-O-O Rfc8 12.h4 Ne5 13.Kb1 Nc4 14.Bxc4 Rxc4 15.Nb3 Qe5
16.Bf4 Qe6 17.Ne2 Ra4 18.Qd3 Rc8 19.Nc3 Rb4 20.g4 a5 21.a3 Rxc3 22.Qxc3 Nxe4
23.Qc7 Nc3+ 24.bxc3 Rxb3+ 25.cxb3 Qxb3+ 26.Kc1 Bxc3 27.Rd3 Qb2+ 28.Kd1 Ba4+  0-1

[Event "Wrexham"]
[Site "Wrexham"]
[Date "1994.??.??"]
[Round "?"]
[White "Davies, Nigel R"]
[Black "Abbasi, Nasser M"]
[Result "1-0"]
[WhiteElo "2510"]
[BlackElo "2280"]

1.e4 c5 2.Nc3 Nc6 3.Nge2 Nf6 4.d4 cxd4 5.Nxd4 e5 6.Ndb5 d6 7.Bg5 a6 8.Na3 b5
9.Nd5 Qa5+ 10.Bd2 Qd8 11.Nxf6+ Qxf6 12.Bd3 Be7 13.O-O O-O 14.c4 bxc4 15.Nxc4 Rb8
16.b3 Nb4 17.Bxb4 Rxb4 18.Qe2 Be6 19.Ne3 a5 20.Bc4 g6 21.Rac1 Qf4 22.Nd5 Bxd5
23.Bxd5 Rd4 24.Rfd1 Kg7 25.g3 Qg5 26.h4 Rxd1+ 27.Qxd1 Qf6 28.Rc7 h5 29.Kg2 Rb8
30.Qd2 Rb4 31.Bc4 Rb8 32.Ra7 Rf8 33.Rxa5 Bd8 34.Ra6 Bc7 35.a4 Qe7 36.Qd5 g5
37.hxg5 Qxg5 38.Ra7 Qd8 39.a5 h4 40.a6 Kh6 41.Qd2+ Kg7 42.Rb7 hxg3 43.fxg3 f5
44.exf5 Rxf5 45.Be6 Rf6 46.Qg5+ Kh8 47.Bf5  1-0

[Event "Wrexham"]
[Site "Wrexham"]
[Date "1994.??.??"]
[Round "?"]
[White "Westerinen, Heikki MJ"]
[Black "Karlsson, Lars"]
[Result "0-1"]
[WhiteElo "2370"]
[BlackElo "2500"]

1.e4 c5 2.Nc3 Nc6 3.Nge2 g6 4.d4 cxd4 5.Nxd4 Bg7 6.Be3 d6 7.Be2 Nf6 8.O-O O-O
9.f4 Bd7 10.Kh1 a6 11.a4 Rc8 12.Nb3 Be6 13.Nd4 Bd7 14.Nb3 Be6 15.Nd4 Nxd4
16.Bxd4 Bc4 17.Bd3 e6 18.a5 d5 19.e5 Nd7 20.Na4 f6 21.Nb6 Nxb6 22.exf6 Bxf6
23.Bxb6 Qd7 24.c3 Bg7 25.Qe2 Bxd3 26.Qxd3 Rc4 27.g3 Rfc8 28.Rfe1 d4 29.Re4 Qd5
30.Rd1 dxc3 31.Qxd5 exd5 32.Rxc4 dxc4 33.bxc3 Bxc3 34.Kg2 Bf6 35.Rc1 c3 36.Rc2 Kf7
37.Kf3 Rc4 38.Ke3 Rb4 39.Kd3 h5 40.Bc7 Rb2 41.h3 Ke6 42.g4 hxg4 43.hxg4 Kd5
44.g5 Bg7 45.Bd8 Ke6 46.Bc7 Kf5 47.Rc1 Rd2+ 48.Kc4 Rd7 49.Bb8 Rd8 50.Be5 Bxe5
51.fxe5 Kxe5 52.Re1+ Kf4 53.Kxc3 Rd5 54.Rb1 Rxa5 55.Rxb7 Rd5 56.Kc4 Rd6 57.Kc5 Rd8
58.Ra7 Kxg5 59.Rxa6 Kf5 60.Ra1 g5 61.Rf1+ Ke4 62.Rg1 Rg8 63.Ra1 g4 64.Ra4+ Ke5  0-1

[Event "ARM-ch"]
[Site "Yerevan"]
[Date "1994.??.??"]
[Round "?"]
[White "Minasian, Artashes"]
[Black "Yegiazarian, Arsen"]
[Result "1-0"]
[WhiteElo "2545"]
[BlackElo "2400"]

1.e4 c5 2.Nc3 Nc6 3.Nge2 d6 4.g3 g6 5.Bg2 Bg7 6.d3 e6 7.O-O Nge7 8.Bg5 O-O
9.Qd2 Nd4 10.Rae1 e5 11.Bxe7 Qxe7 12.Nd5 Qd8 13.f4 Nxe2+ 14.Rxe2 exf4 15.gxf4 Bg4
16.Ree1 Qh4 17.c3 Rae8 18.d4 cxd4 19.cxd4 Be6 20.Nc3 Rc8 21.e5 dxe5 22.fxe5 Rc4
23.d5 Bh3 24.Kh1 Rd4 25.Qf2 Bxg2+ 26.Qxg2 Qh5 27.e6 Rg4 28.Qd2 fxe6 29.dxe6 Qh3
30.Rxf8+ Bxf8 31.Qf2 Bc5 32.e7 Bxf2 33.e8=Q+ Kg7 34.Re7+ Kh6 35.Qf8+ Kh5
36.Rxh7+ Kg5 37.Qe7+  1-0

[Event "Zabrzanski Wrzesien op"]
[Site "Zabrzanski Wrzesien"]
[Date "1994.??.??"]
[Round "?"]
[White "Maciejewski, Miroslaw"]
[Black "Buturin, Vladimir"]
[Result "0-1"]
[WhiteElo "2395"]
[BlackElo "2400"]

1.e4 c5 2.Nc3 Nc6 3.Nge2 g6 4.d4 cxd4 5.Nxd4 Bg7 6.Be3 Nf6 7.Bc4 O-O 8.Bb3 d6
9.f3 Bd7 10.Qd2 Nxd4 11.Bxd4 b5 12.O-O Be6 13.Kh1 a5 14.a3 Qb8 15.Nd5 Bxd5
16.exd5 Rc8 17.Rae1 Rc7 18.c3 Qb7 19.f4 Ne8 20.f5 Bxd4 21.Qxd4 Nf6 22.fxg6 hxg6
23.Re3 Kg7 24.Rh3 Rh8 25.Rxh8 Kxh8 26.Rf3 Kg7 27.Qf4 Qc8 28.a4 bxa4 29.Rh3 Ng8
30.Rf3 Nf6 31.Rh3 Ng4 32.Rh4 axb3 33.Rxg4 Rxc3 34.h4 Rc1+ 35.Kh2 Qc5 36.h5 Qg1+
37.Kg3 Qe1+ 38.Kh3 Qh1+ 39.Kg3 Rc2 40.h6+ Qxh6 41.Qf3 Qh5 42.Qxb3 Qe5+ 43.Kh3 Rxb2
44.Qf3 Rb1 45.Rg3 Rh1+ 46.Kg4 f5+ 47.Kg5 Qf6+ 48.Kf4 Qd4+  0-1

[Event "Zabrzanski Wrzesien op"]
[Site "Zabrzanski Wrzesien"]
[Date "1994.??.??"]
[Round "?"]
[White "Maciejewski, Miroslaw"]
[Black "Bartosik, Olimpia"]
[Result "1-0"]
[WhiteElo "2395"]
[BlackElo "2115"]

1.e4 c5 2.Nc3 Nc6 3.Nge2 Nf6 4.d4 cxd4 5.Nxd4 e6 6.Nxc6 dxc6 7.Qf3 Qc7 8.g4 b5
9.g5 Nd7 10.Bf4 Bd6 11.Bxd6 Qxd6 12.Qg3 Qc5 13.O-O-O a5 14.f4 e5 15.Bh3 a4
16.Kb1 a3 17.fxe5 axb2 18.e6 fxe6 19.Bxe6 b4 20.Qc7 Qa7 21.Bxd7+ Bxd7 22.Qe5+ Kd8
23.Qxg7 bxc3 24.Qxh8+ Kc7 25.Rxd7+ Kxd7 26.Rd1+ Kc7 27.Qxh7+ Kb6 28.Qxa7+ Rxa7
29.Rd3 Rh7 30.Rxc3 Rxh2 31.Rg3 Rh7 32.g6 Rg7 33.Kxb2 c5 34.Kc3 Kb5 35.Rg5  1-0

[Event "Zalakaros op"]
[Site "Zalakaros"]
[Date "1994.??.??"]
[Round "4"]
[White "Barczay, Laszlo"]
[Black "Horvath, Jozsef"]
[Result "0-1"]
[WhiteElo "2380"]
[BlackElo "2515"]

1.e4 c5 2.Nf3 Nc6 3.Nc3 e6 4.g3 Nf6 5.Bg2 d6 6.O-O Be7 7.Re1 O-O 8.d4 cxd4
9.Nxd4 Bd7 10.Nxc6 Bxc6 11.a4 Nd7 12.Be3 b6 13.f4 Qb8 14.Bf2 Re8 15.Qd2 Bf8
16.Nb5 a6 17.Nd4 Bb7 18.Rad1 Qc7 19.c3 Nc5 20.Qc2 Rac8 21.b4 Nd7 22.Rc1 Nf6
23.Qe2 e5 24.fxe5 Rxe5 25.Nf3 Rxe4 26.Qd3 Rxe1+ 27.Nxe1 Ng4 28.Bd4 Ne5 29.Qe2 Re8
30.Bxb7 Qxb7 31.Qg2 Qd7 32.Bxb6 Qxa4 33.Qd5 Qa3 34.Qd1 Qa2 35.Bd4 g6 36.Rc2 Qc4
37.Qe2 Qd5 38.Qg2 Qb3 39.Rf2 Bg7 40.Rf1 Ng4 41.Bxg7 Kxg7 42.Qc2 Qc4 43.Qd3 d5
44.Qxc4 dxc4 45.Nc2 Re2 46.Nd4 Rd2 47.Rf4 Ne3 48.Rf3 Rd1+ 49.Kf2 Ng4+ 50.Kg2 Rd2+
51.Kg1 Nxh2 52.Rf4 h5 53.Nc6 Ng4 54.Na5 Rc2  0-1

[Event "Zalakaros op"]
[Site "Zalakaros"]
[Date "1994.??.??"]
[Round "6"]
[White "Barczay, Laszlo"]
[Black "Horvath, Gyula"]
[Result "0-1"]
[WhiteElo "2380"]
[BlackElo "2435"]

1.e4 c5 2.Nf3 Nc6 3.Nc3 g6 4.d4 cxd4 5.Nxd4 Bg7 6.Be3 Nf6 7.Nxc6 bxc6 8.e5 Ng8
9.Bd4 Qa5 10.e6 Nf6 11.exd7+ Bxd7 12.Qd2 O-O 13.Ne4 Qd5 14.Nxf6+ exf6 15.Be3 Qe6
16.Rd1 Rfd8 17.b3 Qe5 18.f3 Qe7 19.Bd3 Bh6 20.Kf2 Bxe3+ 21.Qxe3 Qa3 22.Rhe1 Be6
23.h4 Qxa2 24.h5 g5 25.Qe4 f5 26.Qe5 Rxd3 27.Rxd3 Qxc2+ 28.Qe2 Qxe2+ 29.Rxe2 Kg7
30.b4 Rb8 31.Ra3 Rxb4 32.Rxa7 Kh6 33.Rc7 Rc4 34.Rd2 Kxh5 35.Rd6 Rc2+ 36.Ke3 Rxg2
37.Rdxc6 f4+ 38.Kd4 Kg6 39.Rc2 Rxc2 40.Rxc2 f6 41.Rh2 h5 42.Kd3 Bd5  0-1

[Event "Zalakaros op"]
[Site "Zalakaros"]
[Date "1994.??.??"]
[Round "8"]
[White "Barczay, Laszlo"]
[Black "Waller, Helmut"]
[Result "1-0"]
[WhiteElo "2380"]
[BlackElo "2150"]

1.e4 c5 2.Nf3 Nc6 3.Nc3 e5 4.Bc4 Be7 5.d3 Nf6 6.Nd5 O-O 7.Nxe7+ Qxe7 8.Bg5 h6
9.Bh4 d6 10.h3 Be6 11.Nd2 Bxc4 12.Nxc4 Qe6 13.Bxf6 Qxf6 14.Ne3 Ne7 15.O-O Qg5
16.Qg4 Qxg4 17.hxg4 b5 18.a4 b4 19.f3 f6 20.Kf2 Rfd8 21.Ke2 d5 22.a5 Rab8
23.Rfc1 dxe4 24.dxe4 Rd4 25.c3 bxc3 26.bxc3 Rd7 27.Rab1 Rbd8 28.Nc4 Ng6 29.g3 Nf8
30.a6 Kf7 31.Rb7 Ke7 32.Rd1 Rxb7 33.axb7 Rb8 34.Na5 Ke8 35.Rd6 c4 36.Ra6 Kd7
37.Rxa7 Ne6 38.Nxc4 Kc7 39.Na5 Nc5 40.Ra8 Nd7 41.Ra6 Rh8 42.Rc6+ Kb8 43.Re6 Kc7
44.c4 Rg8 45.c5 Kb8 46.Re7  1-0

[Event "Zuerich op2"]
[Site "Zuerich"]
[Date "1994.??.??"]
[Round "6"]
[White "Moor, Roger"]
[Black "Barbero, Gerardo F"]
[Result "0-1"]
[WhiteElo "2060"]
[BlackElo "2480"]

1.e4 c5 2.Nc3 Nc6 3.Nge2 g6 4.d4 cxd4 5.Nxd4 Bg7 6.Be3 Nf6 7.Bc4 O-O 8.Bb3 e6
9.f3 d5 10.exd5 exd5 11.O-O Re8 12.Bf2 a6 13.Nxc6 bxc6 14.Na4 Nd7 15.Re1 Ne5
16.Qd2 Bf5 17.Bd4 Qh4 18.Bf2 Qf6 19.Kh1 g5 20.Rad1 h5 21.Bd4 Qg6 22.Qc3 f6
23.Nc5 g4 24.f4 Nf7 25.Nb7 Rec8 26.Bc5 Be4 27.Qd2 h4 28.Kg1 f5 29.c4 Rab8
30.Na5 Qf6 31.Re2 h3 32.g3 Qd8 33.Rde1 Qd7 34.Kf1 d4 35.Ba4 d3 36.Rxe4 fxe4
37.b4 Nd6 38.Bxd6 Qxd6 39.c5 Qg6 40.Qe3 Rxb4  0-1

[Event "Aalborg"]
[Site "Aalborg"]
[Date "1995.??.??"]
[Round "6"]
[White "Kovalev, Andrei"]
[Black "Lyrberg, Patrik"]
[Result "1-0"]
[WhiteElo "2505"]
[BlackElo "2400"]

1.e4 c5 2.Nf3 Nc6 3.Nc3 d6 4.d4 cxd4 5.Nxd4 Nf6 6.Be2 e5 7.Nf3 Be7 8.Bg5 Be6
9.O-O O-O 10.Bxf6 Bxf6 11.Nd5 Nd4 12.Nxf6+ Qxf6 13.Nxd4 exd4 14.Bd3 Rac8
15.Qe2 Rfe8 16.Rae1 Rc5 17.b3 Bd7 18.f4 Bc6 19.b4 Rc3 20.e5 Qe7 21.b5 Bd7
22.Qe4 dxe5 23.Qxh7+ Kf8 24.Qh8+  1-0

[Event "Aceimar op"]
[Site "Aceimar"]
[Date "1995.??.??"]
[Round "?"]
[White "Hector, Jonny"]
[Black "De la Villa Garcia, Jesus Maria"]
[Result "0-1"]
[WhiteElo "2510"]
[BlackElo "2500"]

1.e4 c5 2.Nf3 Nc6 3.Nc3 Nf6 4.Bb5 g6 5.e5 Ng4 6.Bxc6 dxc6 7.h3 Nh6 8.d3 Bg7
9.Be3 b6 10.g4 f6 11.exf6 exf6 12.Qe2 O-O 13.O-O-O Re8 14.d4 cxd4 15.Nxd4 Qc7
16.Rhg1 Bb7 17.h4 Rad8 18.h5 Qf7 19.hxg6 hxg6 20.Kb1 f5 21.gxf5 Rxd4 22.fxg6 Rxd1+
23.Qxd1 Qe6 24.Qh5 Nf5 25.Bd2 Qf6 26.Bg5 Qe5 27.Rd1 Bc8 28.f4 Qe6 29.a4 Kf8
30.Qh7 Qg8 31.Qh1 Bxc3 32.Qxc6 Qe6 33.Qxc3 Qxg6 34.Rh1 Be6 35.Qc7 Qg7 36.Qc6 Qd7
37.Rh8+ Kf7 38.Rh7+ Ng7 39.Qh1 Bf5 40.Rh6 Re6 41.Rxe6 Nxe6 42.b3 Qc7 43.Qg2 Qc3
44.Kc1 Nc5 45.Kd1 Qd4+ 46.Ke1 Qe3+ 47.Qe2 Qg1+ 48.Qf1 Qe3+ 49.Qe2 Qg1+ 50.Qf1 Qxf1+
51.Kxf1 Bxc2 52.b4 Nxa4 53.Ke2 b5 54.Ke3 Ke6 55.Kd4 Bf5 56.Bh6 Nb6 57.Kc5 Bd3
58.Kc6 Bc4 59.Kb7 Nd5 60.Bf8 Nxf4 61.Kxa7 Kd5 62.Kb6 Bf1 63.Bc5 Kc4 64.Bf8 Nd5+
65.Ka5 Bg2 66.Bd6 Ne3 67.Bf8 Nc2 68.Bc5 Bc6 69.Bf8 Be8  0-1

[Event "Aegina op"]
[Site "Aegina"]
[Date "1995.??.??"]
[Round "8"]
[White "Velickovic, Sasa"]
[Black "Tzoumbas, Anastasios"]
[Result "0-1"]
[WhiteElo "2400"]
[BlackElo "2360"]

1.e4 c5 2.Nc3 Nc6 3.Nge2 d6 4.g3 g6 5.Bg2 Bg7 6.O-O e6 7.d3 Nge7 8.Be3 Nd4
9.Qd2 O-O 10.Nd1 d5 11.Bg5 Nxe2+ 12.Qxe2 f6 13.Bc1 d4 14.f4 Qc7 15.h4 Bd7
16.h5 Rac8 17.hxg6 hxg6 18.c4 dxc3 19.bxc3 Rfd8 20.Nf2 Ba4 21.Re1 e5 22.Be3 b6
23.Rac1 Bc6 24.Qb2 c4 25.d4 exd4 26.Bxd4 f5 27.Bxg7 Kxg7 28.Re2 fxe4 29.Bxe4 Nf5
30.Bxf5 gxf5 31.Qb4 Qd6 32.Re7+ Kf8 33.Qxd6 Rxd6 34.Rxa7 Re8 35.g4 fxg4 36.Kf1 g3
37.Ng4 Re4 38.Ne5 Rxf4+ 39.Kg1 Be4 40.Re1 Rh6 41.Rxe4 Rxe4 42.Ra8+ Ke7 43.Ra7+ Ke6
44.Nf3 Rg6 45.Rb7 Kf5 46.Rc7 Kg4 47.Nd4 Rf6 48.Rg7+ Kh3 49.Rh7+ Rh4 50.Rg7 g2
51.Rxg2 Rg4 52.Rxg4 Kxg4 53.Kg2 Kf4 54.Kf2 Ke4+ 55.Ke2 Rg6 56.Nc2 Rg3 57.Kd2 Rd3+
58.Kc1 Rxc3 59.Kb2 Rh3  0-1

[Event "Cseppko op"]
[Site "Aggtelek"]
[Date "1995.??.??"]
[Round "?"]
[White "Molnar, B."]
[Black "Kiss, Pal"]
[Result "1/2-1/2"]
[WhiteElo "2365"]
[BlackElo "2455"]

1.e4 c5 2.Nc3 Nc6 3.Nf3 e5 4.Bc4 Be7 5.d3 Nf6 6.O-O d6 7.Ng5 O-O 8.f4 exf4
9.Bxf4 h6 10.Nf3 Be6 11.Qd2 d5 12.exd5  1/2-1/2

[Event "Algarve"]
[Site "Algarve"]
[Date "1995.??.??"]
[Round "2"]
[White "Galego, Luis"]
[Black "El Amary, Kamal"]
[Result "1-0"]
[WhiteElo "2435"]
[BlackElo "2110"]

1.e4 c5 2.Nf3 Nc6 3.Nc3 a6 4.d4 cxd4 5.Nxd4 e5 6.Nf5 d6 7.Ne3 Nf6 8.Ned5 Be6
9.Bg5 Be7 10.Nxe7 Nxe7 11.Qf3 Ng6 12.h4 h6 13.Bxf6 Qxf6 14.Qxf6 gxf6 15.O-O-O Rd8
16.g3 Ne7 17.Bg2 O-O 18.Rd2 Rd7 19.f4 Bg4 20.h5 f5 21.fxe5 Rfd8 22.exd6 Rxd6
23.Rxd6 Rxd6 24.exf5 Nxf5 25.Bxb7 Kf8 26.Rh2 Re6 27.Bc8 Re5 28.Bxf5 Rxf5
29.Ne2 Rf1+ 30.Kd2 Ra1 31.Nc1 f5 32.c4 Bf3 33.b3 Ke7 34.Rf2 Be4 35.Re2 Kf6
36.Re1 a5 37.a4 Ke6 38.g4 Rb1 39.gxf5+ Kxf5 40.Rxe4  1-0

[Event "Ankara zt"]
[Site "Ankara"]
[Date "1995.??.??"]
[Round "1"]
[White "Mirumian, Vigen"]
[Black "Atalik, Suat"]
[Result "1/2-1/2"]
[WhiteElo "2305"]
[BlackElo "2500"]

1.e4 c5 2.Nc3 Nc6 3.Nf3 d6 4.Bc4 Nf6 5.d4 cxd4 6.Nxd4 e6 7.O-O Be7 8.Bb3 O-O
9.Kh1 Nxd4 10.Qxd4 b6 11.f3 Bb7 12.Be3 d5 13.exd5 Nxd5 14.Nxd5 Bxd5 15.Bxd5 Bc5
16.Qc3 Qxd5 17.Rfd1 Qb7 18.Bxc5 Rac8 19.Rd6 Rxc5 20.Qd3 Rd5 21.Rxd5 Qxd5
22.Qxd5 exd5 23.Rd1 Rd8 24.c4 Kf8 25.cxd5 Ke7 26.Kg1 Rc8 27.Rd2 Kd6 28.Kf2 Rc5
29.Ke3  1/2-1/2

[Event "Ankara zt"]
[Site "Ankara"]
[Date "1995.??.??"]
[Round "4"]
[White "Tosic, Miroslav"]
[Black "Yegiazarian, Arsen"]
[Result "0-1"]
[WhiteElo "2420"]
[BlackElo "2450"]

1.e4 c5 2.Nf3 Nc6 3.Nc3 e5 4.Bc4 d6 5.d3 Be7 6.Ng5 Bxg5 7.Qh5 Be7 8.Qxf7+ Kd7
9.Qxg7 Nf6 10.f4 Kc7 11.f5 Kb8 12.Bd2 Bd7 13.O-O-O Qf8 14.Qxf8+ Rxf8 15.Bh6 Rd8
16.h3 Nd4 17.g4 Bc6 18.g5 Nh5 19.h4 Bf8 20.Bf7 Ng3 21.Rh3 Nge2+ 22.Kd2 Nf4
23.Rg3 Kc7 24.Bxf8 Rxf8 25.g6 Nh5 26.Re3 Nf6 27.Rg1 Be8 28.Nd5+ Nxd5 29.g7 Bxf7
30.gxf8=Q Rxf8 31.exd5 Bxd5 32.Rg7+ Rf7 33.f6 Kd7 34.Reg3 Nf5 35.R3g5 Nxg7
36.fxg7 Rf2+ 37.Ke3 Rxc2 38.g8=Q Bxg8 39.Rxg8 Rxb2 40.Rg7+ Ke6 41.Rxh7 Rxa2  0-1

[Event "ARG-ch"]
[Site "?"]
[Date "1995.??.??"]
[Round "7"]
[White "Dorin, Mauricio"]
[Black "Gomez Baillo, Jorge H"]
[Result "0-1"]
[WhiteElo "2295"]
[BlackElo "2420"]

1.e4 c5 2.Nf3 Nc6 3.Nc3 e5 4.Bb5 d6 5.Bxc6+ bxc6 6.d3 Be7 7.h3 f5 8.exf5 Bxf5
9.O-O Nf6 10.Nh2 O-O 11.f4 exf4 12.Bxf4 Qd7 13.Qd2 Rab8 14.b3 Rbe8 15.Rf2 Bd8
16.Na4 h6 17.g4 Bg6 18.c4 Nh7 19.Raf1 Bh4 20.Rf3 Ng5 21.Bxg5 Bxg5 22.Rxf8+ Rxf8
23.Rxf8+ Kxf8 24.Qf2+ Qf7 25.Nf3 Bxd3 26.Nxg5 Qxf2+ 27.Kxf2 hxg5 28.Nc3 Ke7
29.Ke3 Bf1 30.Ne4 Bxh3 31.Kf3 Bf1 32.Ke3 Bg2 33.Nxg5 Kf6 34.Kf4 d5 35.Nh7+ Ke7
36.Ng5 d4 37.Nh7 Bf1 38.Ng5 Bd3 39.Ke5 Bc2 40.Kf4 Bb1 41.Nf3 Kd8 42.Nd2 Bc2
43.Nf3 a6 44.Ng5 a5 45.Nf7+ Kd7 46.Ne5+ Kc7 47.Nf3 Kd6 48.Ng5 Bb1 49.Nf3 Bd3
50.Ng5 a4 51.Nf7+ Kc7 52.Ne5 axb3 53.axb3 Bc2 54.Kg5 Kb6 55.Kf4 Bxb3 56.Nd7+ Ka5
57.Nxc5 Kb4 58.Ne6 Kc3 59.Nxg7 d3 60.Nf5 d2 61.Ne3 d1=Q 62.Nxd1+ Bxd1 63.g5 Kxc4  0-1

[Event "Donau op"]
[Site "Aschach"]
[Date "1995.??.??"]
[Round "6"]
[White "Ciolac, Gheorghe"]
[Black "Videki, Sandor"]
[Result "1-0"]
[WhiteElo "2395"]
[BlackElo "2470"]

1.e4 c5 2.Ne2 Nc6 3.Nbc3 d6 4.d4 cxd4 5.Nxd4 Nf6 6.g3 e5 7.Nde2 Be7 8.Bg2 O-O
9.h3 Be6 10.O-O Rc8 11.Nd5 Bxd5 12.exd5 Nb8 13.Be3 a5 14.b3 Nfd7 15.c4 Na6
16.Qd2 Ndc5 17.Rab1 b6 18.Nc3 Kh8 19.Kh2 Nd7 20.Nb5 Ra8 21.Nc3 Qc7 22.Rfc1 Nac5
23.Qe2 Rfc8 24.Nb5 Qd8 25.Rc2 Na6 26.a3 Nc7 27.Nc3 Na6 28.Nb5 Nc7 29.Nc3 Na6
30.Rbb2 Kg8 31.Rc1 Bg5 32.f4 exf4 33.gxf4 Bf6 34.Rbc2 Nac5 35.Rb1 Bxc3 36.Rxc3 Qf6
37.Qd2 Qf5 38.Qc2 Qxc2 39.Rxc2 Re8 40.Bd4 a4 41.b4 Nb3 42.Bf2 Rac8 43.Rbb2 Rc7
44.Rc3 Rec8 45.Rbc2 Na1 46.Rc1 Nb3 47.R1c2 Na1 48.Ra2 Nb3 49.Bf1 Rb8 50.Re3 Nf6
51.Re1 Kf8 52.Bh4 Nd4 53.Kg2 Nh5 54.Re4 Nf5 55.Bf2 Ne7 56.Kf3 Ng6 57.Rd2 Nf6
58.Re1 Nd7 59.Bd3 b5 60.c5 dxc5 61.d6 Rcc8 62.Bf5 cxb4 63.Bxd7 Rc3+ 64.Re3 Rxa3
65.Rxa3 bxa3 66.Bc5  1-0